01077nam a2200241Ia 4500003000900000008004100009020002200050040001600072080002600088111003800114245027300152250001200425260005000437300002300487650004400510650003700554650003300591700003400624700003000658942000700688999001700695952012300712IN-BaIIA211028s9999 xx 000 0 eng d a978-0-7354-0443-4 cIIA Library a523.9-466(082.1)bTUR n6thcOahud2007 Mar. 16-22932665 0aTurbulence and nonlinear processes in astrophysical plasmasbproceedings of the 6th annual international Astrophysics Conference on turbulence and nonlinear processes in astrophysical plasmas, held in Oahu, Hawaii, 16-22 March 2007cedited by Shaikh, Dastgeer..[et.al] a6th ed. aMelvillebAmerican Institute of Physicsc2007 a[various pagings.] aAstrophysical plasmas-Congresses932666 aPlasma Physics-Congresses932667 aTurbulence-Congresses932668 aShaikh, Dastgeer., ed.932669 aZank, Gary P., ed.930265 cBK c17331d17331 00104070aBANbBANcGENd2009-06-01eBSS l0o523.9-466(082.1)/ TURp18253r2021-11-05w2009-06-01yBKG£ 11.99